The moral authority of government : (Record no. 6395)
[ view plain ]
| 000 -LEADER | |
|---|---|
| fixed length control field | 01206nac a22002771u 4500 |
| 010 ## - LIBRARY OF CONGRESS CONTROL NUMBER | |
| LC control number | 99046674 |
| 020 ## - INTERNATIONAL STANDARD BOOK NUMBER | |
| International Standard Book Number | 0765800241 (cloth : acid-free paper) |
| 082 00 - DEWEY DECIMAL CLASSIFICATION NUMBER | |
| Classification number | 303.34 |
| Item number | KEN |
| 090 ## - LOCALLY ASSIGNED LC-TYPE CALL NUMBER (OCLC); LOCAL CALL NUMBER (OCLC) | |
| -- | 6395 |
| -- | 6395 |
| 100 ## - MAIN ENTRY--PERSONAL NAME | |
| Personal name | Kennedy, Moorhead. |
| 245 04 - TITLE STATEMENT | |
| Title | The moral authority of government : |
| Remainder of title | essays to commemorate the centennial of the National Institute of Social Sciences / |
| Statement of responsibility, etc | editors, Moorhead Kennedy, R. Gordon Hoxie, Brenda Repland ; introduction by Theodore M. Hesburgh. |
| 260 ## - PUBLICATION, DISTRIBUTION, ETC. (IMPRINT) | |
| Place of publication, distribution, etc | New Brunswick, N.J. : |
| Name of publisher, distributor, etc | Transaction Publishers,c2000. |
| Date of publication, distribution, etc | c2000. |
| 300 ## - PHYSICAL DESCRIPTION | |
| Extent | xxiv, 300 p. ; |
| Dimensions | 24 cm. |
| 500 ## - GENERAL NOTE | |
| General note | Distributer: Al-Ahram. |
| 504 ## - BIBLIOGRAPHY, ETC. NOTE | |
| Bibliography, etc | Includes bibliographical references (p. 275-296) and index. |
| 511 ## - PARTICIPANT OR PERFORMER NOTE | |
| Participant or performer note | Catalogued By: Mahitab. |
| 650 #0 - SUBJECT ADDED ENTRY--TOPICAL TERM | |
| Topical term or geographic name as entry element | Political leadership. |
| 650 #0 - SUBJECT ADDED ENTRY--TOPICAL TERM | |
| Topical term or geographic name as entry element | Authority. |
| 650 #0 - SUBJECT ADDED ENTRY--TOPICAL TERM | |
| Topical term or geographic name as entry element | Reason of state. |
| 650 #0 - SUBJECT ADDED ENTRY--TOPICAL TERM | |
| Topical term or geographic name as entry element | United States |
| General subdivision | Politics and government. |
| 700 1# - ADDED ENTRY--PERSONAL NAME | |
| Personal name | Hoxie, R. Gordon |
| Titles and other words associated with a name | (Ralph Gordon), |
| Dates associated with a name | 1919- |
| 700 1# - ADDED ENTRY--PERSONAL NAME | |
| Personal name | Repland, Brenda. |
| 700 1# - ADDED ENTRY--PERSONAL NAME | |
| Personal name | National Institute of Social Sciences (U.S.) |
| 942 ## - ADDED ENTRY ELEMENTS (KOHA) | |
| Item type | Book - Borrowing |
| Call number prefix | 303.34KEN |
| Withdrawn status | Item status | Damaged status | Not for loan | Home library | Current library | Shelving location | Date acquired | Source of acquisition | Total Checkouts | Full call number | Barcode | Date last seen | Date last borrowed | Koha item type |
|---|---|---|---|---|---|---|---|---|---|---|---|---|---|---|
| Central Library | Central Library | First floor | 22/11/2007 | Purchase | 1 | 303.34KEN | 000007874 | 15/07/2025 | 26/04/2009 | Book - Borrowing |